| 000 | 01548nam a22003614a 4500 | ||
|---|---|---|---|
| 001 | ebr10015219 | ||
| 003 | CaPaEBR | ||
| 006 | m u | ||
| 007 | cr cn||||||||| | ||
| 008 | 990326s2000 nyua sb 001 0 eng | ||
| 010 | _z 99026119 | ||
| 020 | _z0312225776 (cloth) | ||
| 020 | _z0333678990 (Macmillan Press) | ||
| 040 |
_aCaPaEBR _cCaPaEBR |
||
| 035 | _a(OCoLC)559321435 | ||
| 050 | 1 | 4 |
_aHC415.15 _b.E247 2000eb |
| 082 | 0 | 4 |
_a330.956 _221 |
| 245 | 0 | 0 |
_aEconomic and political impediments to Middle East peace _h[electronic resource] : _bcritical questions and alternative scenarios / _cedited by J.W. Wright, Jr. and Laura Drake ; foreword by Queen Noor of Jordan. |
| 260 |
_aNew York : _bSt. Martin's Press, _c2000. |
||
| 300 |
_axxiv, 253 p. : _bill. |
||
| 490 | 1 | _aInternational political economy series | |
| 504 | _aIncludes bibliographical references and index. | ||
| 533 |
_aElectronic reproduction. _bPalo Alto, Calif. : _cebrary, _d2013. _nAvailable via World Wide Web. _nAccess may be limited to ebrary affiliated libraries. |
||
| 650 | 0 |
_aArab-Israeli conflict _y1993- _xPeace. |
|
| 651 | 0 |
_aMiddle East _xEconomic conditions _y1979- |
|
| 651 | 0 |
_aAfrica, North _xEconomic conditions. |
|
| 655 | 7 |
_aElectronic books. _2local |
|
| 700 | 1 |
_aWright, J. W. _q(Jerry W.) |
|
| 700 | 1 | _aDrake, Laura. | |
| 710 | 2 | _aebrary, Inc. | |
| 830 | 0 | _aInternational political economy series. | |
| 856 | 4 | 0 |
_uhttp://site.ebrary.com/lib/rucke/Doc?id=10015219 _zAn electronic book accessible through the World Wide Web; click to view |
| 999 |
_c11419 _d11419 |
||